| 000 | 00402cam a22001217a 4500 | ||
|---|---|---|---|
| 008 | 180718b1967 xxu||||| |||| 00| 0 eng d | ||
| 082 | _aN2065x42 Un3 | ||
| 245 |
_aReport of the departmental committee on criminal ststistics _cby Her Majestry's Stationery Office |
||
| 260 |
_aLondon _bTHe author _c1967 |
||
| 300 | _a63p. | ||
| 500 | _aChairman: Wilfred Perks | ||
| 700 | _aHer Majestry's Stationery Office | ||
| 999 |
_c493899 _d493899 |
||